1323 1129 1854 1268 1056 1272 1083 1669 1933 1963 1833 1086 1450 1997 1696 1532 1540 1580 1959 1204 1116 1540 1155 1827 1598 1590 1916 1067 1710 1194 1093 1424 1388 1027 1852 1360 1708 1167 1108 1952 1783 1136 1217 1064 1268 1333 1986 1996 1762 1719 1254 1582 1980 1826 1744 1794 1318 1224 1134 1463 1548 1765 1553 1907 1783 1928 1705 1998 1258 1771 1600 1528 1494 1454 1041 1031 1712 1122 1555 1579 1655 1374 1015 1043 1194 1275 1379 1713 1555 1503 1082 1185 1329 1059 1338 1222 1144 1353 1968 BCNSPRNW ULIB Ver.6.0+V

เปลี่ยนเป็นภาษาไทย

Change to English
 แสดงรายละเอียดบรรณานุกรม
  กลับหน้าหลัก

Brief Record : Get Marc (ISO 2709) : E-mail record : QR code < ปิดหน้าต่าง
LEADER : 00000nam 2200000uu 4500
001    13399112695
003     ULIB
008    110627s2551||||th 000 0 tha d
020    9789740537823
090    นว.^bจ757ห 2551
100 0  เจ้าปลาน้อย
245 00 หัวใจตัวร้ายนัดให้นายมาปล้นรัก/^cเจ้าปลาน้อย
250    พิมพ์ครั้งที่ 1
260    กรุงเทพฯ :^bแจ่มใส,^c2551
300    168 หน้า
710 1  แจ่มใส
945    ^p139^l0^i026776
995    ทศพร
999 ^a ใช้งานได้ทุกระบบ
รายการนี้ยังไม่มีแท็ก
คุณยังไม่ได้ล็อกอิน คุณสามารถมีกิจกรรมร่วมกับเว็บไซต์ได้ แต่ต้องล็อกอินก่อน ::
  ล็อกอิน

รายการสื่อสารสนเทศ

ลำดับที่ ประเภท เลขเรียก/บาร์โค้ด สถานที่ สถานะ
- ไม่พบข้อมูล -

รายการใกล้เคียง
    ผู้แต่ง [เจ้าปลาน้อย]

BibComment


ยังไม่เคยถูกคอมเมนท์

คอมเมนท์ทรัพยากรรายการนี้
  คอมเมนท์: หัวใจตัวร้ายนัดให..


 Copyright 2026. Bcnsprnw @Library